000
00307nam a22001457a 4500
020
_a
1-85326-062-2
082
_a
823
_b
TOL/W
100
_a
TOLSTOY,LEO
245
_a
WAR &PEACE
250
_a
FIRST
260
_a
AMERICA
_b
WORDSWORTH CLASSICS
_c
193
300
_a
994
650
_a
NOVEL
_z
AMERICA
942
_c
BK
999
_c
3558
_d
3558